000 00390nam a2200169Ia 4500
008 230524s9999 xx 000 0 und d
020 _a9788120326521
082 _a624.15
_bVAR
100 _aP.C.Varghese
245 0 _aFoundation Engineering
250 _a1
260 _aDelhi
_bPHI
_c2013
300 _a"xiv,570p;"
500 _aQuantity Number: 2
650 _acivil
942 _cBK
999 _c55715
_d55715